000 00981nam a2200241 a 4500
001 21450
003 CO-ViMGA
008 141112s2004 ck r 000 u spa d
020 _a8420535109
040 _aCO-ViMGA
_bspa
_cCO-ViMGA
082 0 4 _a659.2 S347t
100 1 _aSeitel, Fraser P.; Moreno, Yago
_930638
245 1 0 _aTeoría y práctica de las relaciones públicas
250 _a8
260 _aMadrid :
_bPrentice Hall,
_c2002
300 _a572
505 _aLa evolución de las relaciones públicas 29 - - Que es la opinión pública 64 - - Principios de la investigación en realciones públicas 119 - - Teoría de la comunicación 169 - - Redacción en las relaciones públicas 271
590 _aForma de adquisición : Compra fact. 0867 - - Precio : 63600 - - Proveedor : Temas y libros - - Fecha de adquisición : Mayo 2007
650 1 4 _aCOMUNICACION
_952539
650 1 4 _aOPINION PUBLICA
_948903
650 1 4 _aRELACIONES PUBLICAS
_930639
942 _2ddc
_cBK
999 _c30059
_d30059